000 00370nam a2200145 4500
001 111762
003 ES-MaACL
007 t|
008 061121s1999 sp r ||||1| spa d
100 1 _aOribe, Emilio.
_987252
245 1 0 _aTeorĂ­a del nous /
_cEmilio Oribe.
260 _aBuenos Aires :
_bLosada,
_c1944.
300 _a255 p. ;
_c20 cm.
852 _aES-MaACL
_jE-1863
999 _c111762
_d111762